Top 25 most populated countries - Statistics

General Stats
  • This quiz has been taken 47 times
  • The average score is 21 of 25
Answer Stats
Population Country % Correct
1,419,321,278 China
100%
1,450,935,791 India
100%
66,548,530 France
98%
123,753,041 Japan
98%
144,820,423 Russia
98%
345,426,571 United States
98%
211,998,573 Brazil
95%
130,861,007 Mexico
95%
69,138,192 United Kingdom
95%
84,552,242 Germany
93%
64,007,187 South Africa
90%
283,487,931 Indonesia
88%
232,679,164 Nigeria
88%
251,269,164 Pakistan
86%
173,562,364 Bangladesh
81%
116,538,258 Egypt
81%
91,567,738 Iran
81%
59,342,867 Italy
81%
115,843,670 Philippines
79%
100,987,686 Vietnam
79%
109,276,265 Democratic Republic of the Congo
76%
71,668,011 Thailand
76%
87,473,805 Turkey
74%
132,059,767 Ethiopia
64%
68,560,157 Tanzania
52%
No matching quizzes found
Score Distribution
Percent of People with Each Score
Percentile by Number Answered
Your Score History
You have not taken this quiz